00294 a2200097 4500001001000000005001700010008004100027245006400068100001900132773004500151ART_4925520260410162042.0260409a 10aRégimen de facilidades de pago. Resolución general 44771 aBaldo, Alberto0 tImpuestosg- N°54 (jun. 2019)wREV45175